The Plague Upon Us/ (Record no. 186504)

MARC details
000 -LEADER
fixed length control field 00563nam a22001817a 4500
005 - DATE AND TIME OF LATEST TRANSACTION
control field 20220308111359.0
010 ## - LCCN (DPL NO)
LC control number ENG-131864
020 ## - INTERNATIONAL STANDARD BOOK NUMBER
International Standard Book Number 9789389253382
Terms of availability 550.00
035 ## - SYSTEM CONTROL NUMBER
System control number EN-115396
037 ## - SOURCE OF ACQUISITION
Source of stock number/acquisition DBAD/PUB
082 ## - DEWEY DECIMAL CLASSIFICATION NUMBER
Classification number N
Item number 1
100 ## - MAIN ENTRY--PERSONAL NAME
Personal name Mir, Shabir Ahmad
245 ## - TITLE STATEMENT
Title The Plague Upon Us/
Statement of responsibility, etc Shabir Ahmad Mir
260 ## - PUBLICATION, DISTRIBUTION, ETC. (IMPRINT)
Name of publisher, distributor, etc Hachette Book Publishing India Pvt. Ltd.
Place of publication, distribution, etc Gurugram
Date of publication, distribution, etc 2020
270 ## - ADDRESS
Address 4th & 5th Floors, Corporate Centre, Plot No. 94, Sector 44
City Gurugram
Postal code 122003
300 ## - PHYSICAL DESCRIPTION
Extent 232p.
Dimensions 20 cm(hbk)
Other physical details Acknowledgement
942 ## - ADDED ENTRY ELEMENTS (KOHA)
Source of classification or shelving scheme Dewey Decimal Classification
Item type English Books
Classification part N
Call number suffix MIR
Holdings
Withdrawn status Lost status Not for loan Collection code Home library Current library Date acquired Source of acquisition Cost, normal purchase price Full call number Barcode Copy number Cost, replacement price Koha item type
      Fiction Bawana Bawana 08/03/2022 DBAD 550.00 N MIR EN-115396 1 550.00 English Books

© Delhi Public Library
Hit Counter
free hit counter